|
|
|
|
| LEADER |
00000nab a2200000 a 4500 |
| 001 |
vtls000729011 |
| 003 |
SK-MaSNL |
| 005 |
20260303224130.0 |
| 008 |
131120c2000 xo 0 slo |
| 015 |
|
|
|a SNBRB2000/08-20257
|
| 035 |
|
|
|a CLN000081156
|
| 040 |
|
|
|a SNKBUCL
|b slo
|c SNKBUCL
|e AACR2
|
| 041 |
0 |
|
|a slo
|
| 044 |
|
|
|a xo
|c SK
|
| 080 |
|
|
|a 82:061.7:06.063:885.4
|2 1997
|
| 080 |
|
|
|a 885.4-3:061.7
|2 1997
|
| 100 |
1 |
|
|a Chrobáková Repar, Stanislava,
|d 1960-
|4 aut
|9 100701
|
| 245 |
1 |
0 |
|a Eurotel Poviedka 2000
|c S. Chrobáková
|
| 611 |
1 |
7 |
|a Poviedka
|d (2000)
|2 snkbucl
|9 1259539
|
| 650 |
0 |
7 |
|a slovenské poviedky
|2 snkbucl
|9 111049
|
| 650 |
0 |
7 |
|a literárne súťaže
|2 snkbucl
|9 4275
|
| 655 |
|
7 |
|9 články z novín a časopisov
|2 snkbucl
|
| 773 |
0 |
|
|t Romboid
|g Roč. 35, č. 2 (2000), s. 24
|x 0231-6714
|
| 850 |
|
|
|a Slovenská národná knižnica v Martine
|
| 852 |
|
|
|a SNK
|b KIS3GCP
|
| 958 |
|
|
|a LX
|
| 958 |
|
|
|a SK
|
| 992 |
|
|
|a RBX
|
| 999 |
|
|
|c 2250826
|d 2252756
|